Parejas LIDLT 8 - Estadísticas

Estadísticas generales
  • Esta prueba ha sido intentada 26 veces
  • La puntuación promedio es 5 de 7
Estadísticas de respuestas
Imagen Respuesta % Correcto
Álvaro y Alba
96%
Montoya y Anita
96%
Eros y Bayan
92%
Gerard y Alba
92%
Joel y Andrea
77%
Fran y Ana
50%
Tadeo y Sthefany
27%
No se encontraron pruebas coincidentes
Distribución de puntuación
Porcentaje de gente con cada puntuación
Porcentaje por número respondido
Historial de tus puntuaciones
No has intentado esta prueba.